Statistics for Ocean Currents on the Map

Click here to take the quiz!

General Stats

  • This quiz has been taken 154 times
  • The average score is 6 of 12

Answers on the Map

Answers color-coded by a green-red scale on the quiz's map according to % correct below.
 

Answer Stats

TypeCurrent% Correct
Warm{Gulf} Stream
82%
Warm{Alaska} Current
64%
Cold{California} Current
61%
Warm{Brazil} Current
58%
Warm{Kuroshio} Current
57%
Cold{Peru} Current
57%
Warm{Norwegian} Current
55%
Cold{Labrador} Current
47%
Cold{Canary} Current
40%
Warm{East} {Australian} Current
34%
Cold{Benguela} Current
30%
Cold{Oyashio} Current
27%

Score Distribution

Percentile by Number Answered

Percent of People with Each Score

Your Score History

You have not taken this quiz